INTEGRATED HANDBOOK OF FAMILY MEDICINE (Record no. 210546)

MARC details
000 -LEADER
fixed length control field 00675nam a22002057a 4500
005 - DATE AND TIME OF LATEST TRANSACTION
control field 20250327142949.0
010 ## - LCCN (DPL NO)
LC control number ENG-144303
020 ## - INTERNATIONAL STANDARD BOOK NUMBER
Terms of availability 1500.00
International Standard Book Number 9788193136201
035 ## - SYSTEM CONTROL NUMBER
System control number EN-127835
037 ## - SOURCE OF ACQUISITION
Source of stock number/acquisition DBAD
082 ## - DEWEY DECIMAL CLASSIFICATION NUMBER
Classification number 616.029
100 ## - MAIN ENTRY--PERSONAL NAME
Personal name Havel Smruti
245 ## - TITLE STATEMENT
Title INTEGRATED HANDBOOK OF FAMILY MEDICINE
Statement of responsibility, etc Smruti Haval
Medium English
260 ## - PUBLICATION, DISTRIBUTION, ETC. (IMPRINT)
Place of publication, distribution, etc Belgaum
Name of publisher, distributor, etc Sukarmayogi Publishers
Date of publication, distribution, etc 2015
270 ## - ADDRESS
City Karnataka
Address Rukmani Hospital, Maddi Galli, Sankeshwar, Belagum, Karnataka
Postal code 591313
300 ## - PHYSICAL DESCRIPTION
Extent 223(p)
Dimensions 218cm(pb)
490 ## - SERIES STATEMENT
Volume number/sequential designation Volume -1
700 ## - ADDED ENTRY--PERSONAL NAME
Personal name Smruti Mandar {And} Smruti Subhash Nikumbh
9 (RLIN) 79968
942 ## - ADDED ENTRY ELEMENTS (KOHA)
Source of classification or shelving scheme Dewey Decimal Classification
Item type English Books
Classification part 616.029
Call number suffix SMR
Holdings
Withdrawn status Lost status Not for loan Collection code Home library Current library Date acquired Source of acquisition Cost, normal purchase price Full call number Barcode Copy number Cost, replacement price Koha item type
      Non-fiction Mobile Library Mobile Library 27/03/2025 DBAD 1500.00 616.029 SMR EN-127835 1 1500.00 English Books

© Delhi Public Library
Hit Counter
free hit counter